Social movements, (Record no. 751522)

MARC details
000 -LEADER
fixed length control field 00345nam a22001217a 4500
020 ## - INTERNATIONAL STANDARD BOOK NUMBER
ISBN 9783031469497
082 ## - DEWEY DECIMAL CLASSIFICATION NUMBER
Classification number 306.209 54 PUR/S
245 ## - TITLE STATEMENT
Title Social movements,
Sub Title media and civil society in contemporay India
260 ## - PUBLICATION, DISTRIBUTION, ETC. (IMPRINT)
Place of publication . - Palgraave Mcmillan
Name of publisher : Singapore
Year of publication , 2024
300 ## - PHYSICAL DESCRIPTION
Number of Pages xiii+203 pages
942 ## - ADDED ENTRY ELEMENTS (KOHA)
Source of classification or shelving scheme Dewey Decimal Classification
Koha item type Book
Holdings
Withdrawn status Lost status Source of classification or shelving scheme Damaged status Not for loan Home Library Current Location Date acquired Full call number Accession Number Price effective from Koha item type
    Dewey Decimal Classification     Dept. of Political Science Dept. of Political Science 03/03/2025 306.209 54 PUR/S POL23784 18/09/2025 Book